000 00806nam a2200205 i 4500
001 26546
003 ES-MaACL
005 20250720013019.0
007 t|
008 030109s1945 ag ||||1| spa d
100 1 _aArey, Leslie Brainerd.
_922670
245 1 0 _aAnatomía del desarrollo (Embriología)
_b: tratado y manual de laboratorio /
_cpor Leslie Brainerd Arey ; Traducción de la cuarta edición inglesa por Joaquín A. Caretti ; con un prólogo de Manuel E. Varela.
260 _aBuenos Aires :
_bVázquez,
_c1945 (
_fCompañía Impresora Argentina)
300 _aXVI, 622 p. :
_bil.
650 7 _aEmbriología
_2embne
_9135971
700 1 _aCaretti, Joaquín A.
_935232
700 1 _aVarela, Manuel Enrique.
_9113143
852 _aES-MaACL
_jE-1926
_bR.22727
999 _c26546
_d26546